Médailles olympiques au football depuis 2000. - Statistiques

Statistiques générales
  • Ce quiz a été pris 33 fois
  • Le résultat moyen est 3 sur 17
Statistiques - réponses
Répondre % Correct
Brésil
84%
Brésil
52%
Allemagne
35%
Espagne
26%
Argentine
23%
Argentine
23%
Mexique
23%
Brésil
13%
Cameroun
13%
Brésil
13%
Nigeria
10%
Chili
6%
Italie
6%
Nigeria
6%
Corée du sud
3%
Espagne
3%
Paraguay
0%
Aucun quiz correspondant
Distribution des résultats
% des personnes avec chaque résultat
Percentile par nombre de réponses
Votre historique - résultats
Vous n’avez pas pris ce quiz